Managing for the future : (Record no. 10971)
[ view plain ]
| 000 -LEADER | |
|---|---|
| fixed length control field | 01838nac a22003251u 4500 |
| 008 - FIXED-LENGTH DATA ELEMENTS--GENERAL INFORMATION | |
| fixed length control field | 090301t xxu||||| |||| 00| 0 eng d |
| 010 ## - LIBRARY OF CONGRESS CONTROL NUMBER | |
| LC control number | 2003113908 |
| 020 ## - INTERNATIONAL STANDARD BOOK NUMBER | |
| International Standard Book Number | 9780324055757 |
| 020 ## - INTERNATIONAL STANDARD BOOK NUMBER | |
| International Standard Book Number | 0324055757 |
| 035 ## - SYSTEM CONTROL NUMBER | |
| System control number | (DLC) 2003113908 |
| 082 ## - DEWEY DECIMAL CLASSIFICATION NUMBER | |
| Classification number | 658.3 |
| Item number | ANC |
| 245 00 - TITLE STATEMENT | |
| Title | Managing for the future : |
| Remainder of title | organizational behavior & processes / |
| Statement of responsibility, etc | Ancona ... [et al.]. |
| 246 30 - VARYING FORM OF TITLE | |
| Title proper/short title | Organizational behavior & processes |
| 246 30 - VARYING FORM OF TITLE | |
| Title proper/short title | Organizational behavior and processes |
| 250 ## - EDITION STATEMENT | |
| Edition statement | 3rd ed. |
| 260 ## - PUBLICATION, DISTRIBUTION, ETC. (IMPRINT) | |
| Place of publication, distribution, etc | [Mason, OH] : |
| Name of publisher, distributor, etc | Thomson/South-Western,2005 |
| Date of publication, distribution, etc | 2009. |
| 300 ## - PHYSICAL DESCRIPTION | |
| Extent | 1 v. (various pagings) : |
| Other physical details | 28 cm. |
| 504 ## - BIBLIOGRAPHY, ETC. NOTE | |
| Bibliography, etc | Includes bibliographical references and index. |
| 650 #0 - SUBJECT ADDED ENTRY--TOPICAL TERM | |
| Topical term or geographic name as entry element | Personnel management. |
| 650 #0 - SUBJECT ADDED ENTRY--TOPICAL TERM | |
| Topical term or geographic name as entry element | Organizational change. |
| 700 1# - ADDED ENTRY--PERSONAL NAME | |
| Personal name | Ancona, Deborah G. |
| Fuller form of name | (Deborah Gladstein) |
| 856 41 - ELECTRONIC LOCATION AND ACCESS | |
| Materials specified | Table of contents |
| Uniform Resource Identifier | <a href="http://www.loc.gov/catdir/toc/fy046/2003113908.html">http://www.loc.gov/catdir/toc/fy046/2003113908.html</a> |
| 942 ## - ADDED ENTRY ELEMENTS (KOHA) | |
| Item type | Book - Borrowing |
| Call number prefix | 658.3ANC |
| Source of classification or shelving scheme | Dewey Decimal Classification |
| Withdrawn status | Item status | Source of classification or shelving scheme | Materials specified (bound volume or other part) | Damaged status | Not for loan | Vendor | Home library | Current library | Shelving location | Date acquired | Source of acquisition | Total Checkouts | Total Renewals | Full call number | Barcode | Date last seen | Date last borrowed | Koha item type |
|---|---|---|---|---|---|---|---|---|---|---|---|---|---|---|---|---|---|---|
| Lost | Dewey Decimal Classification | Lost_In_Inventory_12-2-2024 | Baccah | Central Library | Central Library | First floor | 01/03/2009 | 2 | 4 | 658.3 ANC | 000015362 | 24/08/2022 | 25/02/2016 | Book - Borrowing | ||||
| Dewey Decimal Classification | Baccah | Central Library | Central Library | First floor | 01/03/2009 | 2 | 658.3 ANC | 000015363 | 15/07/2025 | 26/04/2015 | Book - Borrowing | |||||||
| Dewey Decimal Classification | Baccah | Central Library | Central Library | First floor | 01/03/2009 | 658.3 ANC | 000015364 | 15/07/2025 | Book - Borrowing | |||||||||
| Dewey Decimal Classification | Baccah | Central Library | Central Library | First floor | 01/03/2009 | 1 | 658.3 ANC | 000015360 | 15/07/2025 | 07/03/2018 | Book - Borrowing | |||||||
| Dewey Decimal Classification | Baccah | Central Library | Central Library | First floor | 01/03/2009 | 1 | 2 | 658.3 ANC | 000015359 | 15/07/2025 | 07/11/2016 | Book - Borrowing | ||||||
| Dewey Decimal Classification | Baccah | Central Library | Central Library | First floor | 01/03/2009 | 658.3 ANC | 000015361 | 15/07/2025 | NB - Book (Non borrowing) |